Kompetentnosť manažérov a voľba metód vzdelávania pri ich príprave

Zvyšovanie kompetentnosti a ďalšie vzdelávanie manažérov. Faktory ovplyvňujúce výber metód vzdelávania. Hodnotenie spôsobilosti manažéra - východisko vzdelávania. Metódy vzdelávania manažérov.

Guardado en:
Detalles Bibliográficos
Autor principal: Matulčíková, Marta, 1964-
Formato: Capítulo de libro
Lenguaje:eslovaco
Materias:
Etiquetas: Agregar Etiqueta
Sin Etiquetas, Sea el primero en etiquetar este registro!

MARC

LEADER 00000naa$a2200000$$$4500
001 0088332
005 20240502083229.5
041 0 |a slo 
044 |a CZ 
245 1 0 |a Kompetentnosť manažérov a voľba metód vzdelávania pri ich príprave  |c Marta Matulčíková 
520 |a Zvyšovanie kompetentnosti a ďalšie vzdelávanie manažérov. Faktory ovplyvňujúce výber metód vzdelávania. Hodnotenie spôsobilosti manažéra - východisko vzdelávania. Metódy vzdelávania manažérov. 
610 2 0 |a vzdelávanie 
610 2 0 |a vedomosti 
610 2 0 |a kompetencie 
610 2 0 |a manažéri 
610 2 0 |a koučovanie 
100 1 |a Matulčíková, Marta, 1964-